| 000 | 00390nam a2200157 4500 | ||
|---|---|---|---|
| 999 |
_c14815 _d14815 |
||
| 020 | _a9789351248101 | ||
| 082 | _a630.33 | ||
| 100 |
_aBansil P C _91597 |
||
| 245 | _aEconomic problems of Indian agriculture | ||
| 250 | _a7 | ||
| 260 |
_aNew Delhi _bDaya Publishing House _c2017 |
||
| 300 | _a690 | ||
| 650 |
_aIndian agriculture _92032 |
||
| 650 |
_aEconomic problems _92033 |
||
| 942 | _cBK | ||